| Tag |
First Indicator |
Second Indicator |
Subfields |
| LEADER |
00000cam a2200000 a 4500 |
| 001 |
in00000088351 |
| 005 |
20151008063144.0 |
| 008 |
711014s1971 nyu j 00011 engm |
| 010 |
|
|
|a 71159046
|
| 020 |
|
|
|a 0060258306
|
| 035 |
|
|
|a (OCoLC)00190391
|
| 035 |
|
|
|9 AAK1691AM
|
| 040 |
|
|
|a DLC
|c DLC
|d m.c.
|d TXA
|d UtOrBLW
|
| 049 |
|
|
|a [Curr Col] TXAM
|c [1561845]
|
| 050 |
0 |
0 |
|a PZ7 S87584
|b By
|
| 082 |
0 |
|
|a [Fic]
|
| 100 |
1 |
|
|a Stolz, Mary,
|d 1920-2006.
|
| 245 |
1 |
0 |
|a By the highway home /
|c by Mary Stolz.
|
| 250 |
|
|
|a [1st ed.].
|
| 264 |
|
1 |
|a New York :
|b Harper & Row,
|c [1971]
|
| 264 |
|
4 |
|c ©1971
|
| 300 |
|
|
|a 194 pages ;
|c 22 cm.
|
| 336 |
|
|
|a text
|b txt
|2 rdacontent
|
| 337 |
|
|
|a unmediated
|b n
|2 rdamedia
|
| 338 |
|
|
|a volume
|b nc
|2 rdacarrier
|
| 520 |
|
|
|a Many conflicts arise within the Reed family when they are forced to move in with relatives in the country.
|
| 650 |
|
1 |
|a Family life
|x Fiction.
|
| 999 |
|
|
|a MARS
|
| 999 |
f |
f |
|s 330503b0-58e7-33cb-8b72-330badde2627
|i 86d8c1b5-99a9-3006-a75f-8a1d2684bf9e
|t 0
|
| 952 |
f |
f |
|p ric
|a Texas A&M University
|b Rellis Campus
|c Joint Library Facility
|d Remote Storage
|t 0
|e PZ7 S87584 By
|h Library of Congress classification
|i unmediated -- volume
|m A14805985139
|
| 998 |
f |
f |
|a PZ7 S87584 By
|t 0
|l Remote Storage
|